Detalles MARC
| 000 -CABECERA |
| campo de control de longitud fija |
02648nam a2200325 4500 |
| 001 - NÚMERO DE CONTROL |
| campo de control |
113487 |
| 003 - IDENTIFICADOR DEL NÚMERO DE CONTROL |
| campo de control |
DR-UNIBE |
| 005 - FECHA Y HORA DE LA ÚLTIMA TRANSACCIÓN |
| campo de control |
20250428143945.0 |
| 008 - DATOS DE LONGITUD FIJA--INFORMACIÓN GENERAL |
| campo de control de longitud fija |
250424b2024 dr ||||| |||| 00| 0 spa d |
| 020 ## - NÚMERO INTERNACIONAL ESTÁNDAR DEL LIBRO |
| Número Internacional Estándar del Libro |
9789945251210 |
| 040 ## - FUENTE DE LA CATALOGACIÓN |
| Centro catalogador/agencia de origen |
BIBLIOTECA UNIBE |
| Centro/agencia transcriptor |
BIBLIOTECA UNIBE |
| Lengua de catalogación |
spa |
| Normas de descripción |
rda |
| 041 ## - CÓDIGO DE LENGUA |
| Código de lengua del texto/banda sonora o título independiente |
spa |
| 082 ## - NÚMERO DE LA CLASIFICACIÓN DECIMAL DEWEY |
| Número de edición |
22 |
| Número de clasificación |
R RD 923.75 G377c 2024 |
| 100 10 - ENTRADA PRINCIPAL--NOMBRE DE PERSONA |
| Nombre de persona |
Gerón, Cándido, |
| Fechas asociadas al nombre |
1950- |
| Forma completa/desarrollada del nombre |
(Araújo Gerón, Cándido) |
| 9 (RLIN) |
24252 |
| Término indicativo de función/relación |
autor |
| -- |
cuidado de la edición |
| 245 10 - MENCIÓN DE TÍTULO |
| Título |
Centenario de Gilberto Hernández Ortega : |
| Resto del título |
1923-2023 / |
| Mención de responsabilidad, etc. |
Cándido Gerón ; cuidado de edición : Cándido Gerón ; diseño general : Alexander Araujo Batista ; colaboradores : Gilberto Hernández hijo y Juan Julio Bodden ; fotografías : Gilberto Hernández hijo y Mariano Hernández. |
| 250 ## - MENCIÓN DE EDICIÓN |
| Mención de edición |
Primera edición |
| 260 ## - PUBLICACIÓN, DISTRIBUCIÓN, ETC. |
| Lugar de publicación, distribución, etc. |
Santo Domingo : |
| Nombre del editor, distribuidor, etc. |
Archivo General de la Nación (AGN), |
| Fecha de publicación, distribución, etc. |
2024 |
| 490 ## - MENCIÓN DE SERIE |
| Mención de serie |
Archivo General de la Nación ; |
| Designación de volumen o secuencia |
527 |
| 500 ## - NOTA GENERAL |
| Nota general |
Información del autor en las solapas. Portada: sin título, óleo sobre lienzo |
| 505 ## - NOTA DE CONTENIDO CON FORMATO |
| Nota de contenido con formato |
Introducción.<br/>Gilberto Hernández Ortega y el paraíso de lo inefable |<br/>Artículos. <br/>Exposición bienal de las artes plásticas. Manuel Valldeperes |<br/>En el Salón de las Bellas Artes de Ciudad Trujillo. Gilberto Hernández Ortega, expone esta vez pinturas. Jacinto Gimbernard (padre) |<br/>Hernández Ortega en al Galería Nacional. Manuel Valldeperes |<br/>Gilberto Hernández Ortega. Un pintor con ojos de poeta. Antonio Fernández Spencer |<br/>Suro y su mensaje pictórico. Antonio Fernández Spencer |<br/>Cinco óleos de Hernández Ortega. Jacinto Gimbernard (padre) |<br/>Pintor dice que América ha de glorificar sus valores. P. A. Reyes-Vargas |<br/>La exposición de G. Hernández Ortega. Freddy Miller |<br/>En torno a la pintura de G. Hernández Ortega. Francisco Antonio Cruz |<br/>La exposición de G. Hernández Ortega. José Manuel Gómez du-Breil |<br/>Gilberto Hernández Ortega. Manuel Valerio |<br/>Gilberto Hernández Ortega en la Galería de Bellas Artes. Franklin Mieses Burgos |<br/>Homenaje a Hernández Ortega. Freddy Gatón Arce |<br/>Biografía |
| 600 #7 - PUNTO DE ACCESO ADICIONAL DE MATERIA--NOMBRE DE PERSONA |
| Fuente del encabezamiento o término |
lemb |
| Nombre de persona |
Hernández Ortega, Gilberto, |
| Fechas asociadas al nombre |
1924-1979 |
| 9 (RLIN) |
194567 |
| Subdivisión general |
Biografías |
| 600 #7 - PUNTO DE ACCESO ADICIONAL DE MATERIA--NOMBRE DE PERSONA |
| Fuente del encabezamiento o término |
lemb |
| Nombre de persona |
Hernández Ortega, Gilberto, |
| Fechas asociadas al nombre |
1924-1979 |
| 9 (RLIN) |
194567 |
| Subdivisión general |
Vida y obra |
| 650 #7 - PUNTO DE ACCESO ADICIONAL DE MATERIA--TÉRMINO DE MATERIA |
| Fuente del encabezamiento o término |
lemb |
| Término de materia o nombre geográfico como elemento de entrada |
Pintores dominicanos |
| Subdivisión general |
Biografías |
| 9 (RLIN) |
194635 |
| 650 #7 - PUNTO DE ACCESO ADICIONAL DE MATERIA--TÉRMINO DE MATERIA |
| Fuente del encabezamiento o término |
lemb |
| Término de materia o nombre geográfico como elemento de entrada |
Artistas dominicanos |
| Subdivisión general |
Biografías |
| 9 (RLIN) |
194636 |
| 700 10 - PUNTO DE ACCESO ADICIONAL--NOMBRE DE PERSONA |
| Nombre de persona |
Araujo Batista, Alexander |
| 9 (RLIN) |
194544 |
| Término indicativo de función/relación |
diseñador general |
| 700 10 - PUNTO DE ACCESO ADICIONAL--NOMBRE DE PERSONA |
| Nombre de persona |
Hernández, Gilberto (hijo) |
| 9 (RLIN) |
194565 |
| Término indicativo de función/relación |
colaborador |
| -- |
fotográfo |
| 700 10 - PUNTO DE ACCESO ADICIONAL--NOMBRE DE PERSONA |
| Nombre de persona |
Bodden, Juan Julio |
| 9 (RLIN) |
194566 |
| Término indicativo de función/relación |
colaborador |
| 700 10 - PUNTO DE ACCESO ADICIONAL--NOMBRE DE PERSONA |
| Nombre de persona |
Hernández, Mariano |
| 9 (RLIN) |
20980 |
| Término indicativo de función/relación |
fotógrafo |
| 942 ## - ELEMENTOS DE PUNTO DE ACCESO ADICIONAL (KOHA) |
| Fuente del sistema de clasificación o colocación |
Sistema de Clasificación Decimal Dewey |
| Tipo de ítem Koha |
Libro (general) |